Places To Study
There are group study rooms, individual study carrels, computer labs, and other spaces to study in the Libraries.
Reserve A Group Room| 000 -LEADER | |
|---|---|
| fixed length control field | 00913nam a22001817a 4500 |
| 003 - CONTROL NUMBER IDENTIFIER | |
| control field | OSt |
| 005 - DATE AND TIME OF LATEST TRANSACTION | |
| control field | 20251216142720.0 |
| 008 - FIXED-LENGTH DATA ELEMENTS--GENERAL INFORMATION | |
| fixed length control field | 251216b |||||||| |||| 00| 0 eng d |
| 040 ## - CATALOGING SOURCE | |
| Transcribing agency | DCL |
| 082 ## - DEWEY DECIMAL CLASSIFICATION NUMBER | |
| Classification number | ၂၉၄.၃၈၂၄၇ |
| 100 0# - MAIN ENTRY--PERSONAL NAME | |
| Personal name | မြတ်သူ (ကိုကိုသန်းဝင်း) |
| 245 10 - TITLE STATEMENT | |
| Title | ပဌာန်းနှင့်အနက်တွဲရွတ်ဖတ်ပါမှ / |
| Statement of responsibility, etc. | စုဆောင်းစီစဉ်သူ မြတ်သူ (ကိုကိုသန်းဝင်း)။ |
| 250 ## - EDITION STATEMENT | |
| Edition statement | ဆဋ္ဌမအကြိမ်။ |
| 260 ## - PUBLICATION, DISTRIBUTION, ETC. | |
| Place of publication, distribution, etc. | မန္တလေး ၊ |
| Name of publisher, distributor, etc. | [ထိပ်တန်းပုံနှိပ်လုပ်ငန်း]၊ |
| Date of publication, distribution, etc. | [ခုနှစ်မပါ]။ |
| 300 ## - PHYSICAL DESCRIPTION | |
| Extent | ၁၃၃ စာမျက်နှာ ၊ |
| Dimensions | ၁၉ စင်တီ။ |
| 650 ## - SUBJECT ADDED ENTRY--TOPICAL TERM | |
| Topical term or geographic name entry element | ပဋ္ဌာန်း |
| 942 ## - ADDED ENTRY ELEMENTS (KOHA) | |
| Source of classification or shelving scheme | Dewey Decimal Classification |
| Koha item type | Short Term |
| Suppress in OPAC | No |
| Withdrawn status | Lost status | Source of classification or shelving scheme | Damaged status | Not for loan | Collection | Accession No. | Home library | Current library | Shelving location | Date acquired | Total checkouts | Full call number | Barcode | Date last seen | Price effective from | Koha item type |
|---|---|---|---|---|---|---|---|---|---|---|---|---|---|---|---|---|
| Dewey Decimal Classification | Myanmar Collection | ၆၆၀၉ | Dhammadhara | Dhammadhara | Myanmar Shelves | 16/12/2025 | ၂၉၄.၃၈၂၄၇ မြတ် ၆၆၀၉ | MB00006609 | 16/12/2025 | 16/12/2025 | Short Term |